Capitals Containing "OR" - Statistics

General Stats
  • This quiz has been taken 491 times
  • The average score is 10 of 16
Answer Stats
OR Capital % Correct
Port-au-Prince
87%
Port Moresby
85%
Port of Spain
85%
Port Louis
80%
Porto Novo
80%
Port Vila
80%
Moroni
63%
Singapore
59%
Podgorica
55%
Andorra la Vella
53%
Georgetown
47%
Gaborone
46%
Pretoria
45%
St.George's
43%
San Salvador
42%
Victoria
36%
No matching quizzes found
Score Distribution
Percent of People with Each Score
Percentile by Number Answered
Your Score History
You have not taken this quiz